[Event "Superettan(Solna-En Passant)"]
[Site "?"]
[Date "2009.12.06"]
[Round "4"]
[White "Steneskog, Per"]
[Black "Sjofors, Holger"]
[Result "1-0"]
[WhiteElo "2216"]
[BlackElo "1914"]
[PlyCount "84"]

1. d4 e5 2. dxe5 Nc6 3. Nf3 Qe7 4. Nc3 Nxe5 5. Nd5 Nxf3+ 6. gxf3 Qd8 7. Bf4 d6
8. e4 Ne7 9. Nc3 Ng6 10. Be3 Be7 11. Nd5 O-O 12. Qd2 Be6 13. Nxe7+ Qxe7 14.
O-O-O a5 15. a3 a4 16. Qc3 f6 17. Be2 Rfb8 18. h4 b5 19. h5 Ne5 20. h6 g6 21.
f4 Nd7 22. Qxc7 b4 23. axb4 Rxb4 24. Qxd6 Qxd6 25. Rxd6 Kf7 26. Rhd1 Rb7 27.
Bd4 a3 28. bxa3 Rxa3 29. f3 Ke7 30. Ra6 Rxa6 31. Bxa6 Rc7 32. Bd3 Nc5 33. Kd2
Nxd3 34. cxd3 Bb3 35. Rb1 Be6 36. Rb6 Rd7 37. Ke3 Rc7 38. Bb2 Rc2 39. Ba3+ Kf7
40. Rb7+ Kg8 41. Ra7 Kh8 42. Re7 Bg8 1-0

[Event "Superettan(Orebro-Rockaden,Sthlm II)"]
[Site "?"]
[Date "2010.01.16"]
[Round "4"]
[White "Bryntze, Stefan"]
[Black "Nygren, Kim"]
[Result "1-0"]
[WhiteElo "2251"]
[BlackElo "2337"]
[PlyCount "78"]
[SourceDate "2010.01.27"]

1. f4 b6 2. e3 Bb7 3. Nf3 Nf6 4. b3 e6 5. Bb2 c5 6. Be2 Nc6 7. O-O Be7 8. Bb5
a6 9. Bxc6 Bxc6 10. d3 Qc7 11. Qe1 h6 12. Qg3 d6 13. Nbd2 O-O-O 14. b4 Rdg8 15.
bxc5 bxc5 16. Nc4 g5 17. fxg5 Nh5 18. Qh3 Ng7 19. gxh6 f6 20. h7 Rf8 21. Bc3
Bd8 22. e4 d5 23. Ba5 Qd7 24. exd5 Bxd5 25. Bxd8 Qxd8 26. Rab1 Nf5 27. Nfd2 Nd4
28. Rfe1 Qc7 29. Nb6+ Kd8 30. c3 Nb5 31. Nxd5 exd5 32. Qe6 Rxh7 33. Qxd5+ Rd7
34. Qf3 Qb7 35. Ne4 Qc6 36. c4 Nd4 37. Rb8+ Ke7 38. Nxf6+ Qe6 39. Nd5+ Kd6 1-0

[Event "Superettan(Orebro-Rockaden,Sthlm II)"]
[Site "?"]
[Date "2010.01.16"]
[Round "4"]
[White "Berggren, Jonatan"]
[Black "Gruvaeus, Curt"]
[Result "1/2-1/2"]
[WhiteElo "2207"]
[BlackElo "2352"]
[PlyCount "80"]
[EventDate "2010.??.??"]

1. e4 g6 2. d4 Bg7 3. Nc3 d6 4. Be3 a6 5. Qd2 Nd7 6. h4 h5 7. Nh3 b5 8. Ng5 c6
9. f4 Nh6 10. e5 Nb6 11. O-O-O b4 12. Nce4 Nd5 13. Bd3 Qa5 14. c4 bxc3 15. Nxc3
Ng4 16. Nxd5 Qxd2+ 17. Kxd2 cxd5 18. e6 f5 19. Bc2 O-O 20. Ba4 Rb8 21. b3 Bh6
22. Rhe1 Nf6 23. Rc1 Bxg5 24. hxg5 Ne4+ 25. Kd3 Bxe6 26. Rc7 Kf7 27. Rec1 Rfe8
28. Ra7 Ra8 29. Rxa8 Rxa8 30. Rc7 Rc8 31. Rc6 Bd7 32. Rxc8 Bxc8 33. Bc6 e6 34.
Bd2 Ke7 35. a4 Bd7 36. Bb7 Nxd2 37. Kxd2 a5 38. g3 Kd8 39. Kc3 Kc7 40. Ba6 Kb6
1/2-1/2

[Event "Superettan(Orebro-Rockaden,Sthlm II)"]
[Site "?"]
[Date "2010.01.16"]
[Round "4"]
[White "Lind, Jan-Olov"]
[Black "Todorovic, Zoran"]
[Result "1-0"]
[WhiteElo "2243"]
[BlackElo "2072"]
[PlyCount "89"]
[EventDate "2010.??.??"]

1. e4 c5 2. Nf3 d6 3. d4 cxd4 4. Nxd4 Nf6 5. Nc3 g6 6. Be3 Bg7 7. f3 Nc6 8. Qd2
O-O 9. Bc4 Bd7 10. O-O-O Rc8 11. Bb3 Qa5 12. Kb1 Rfe8 13. h4 Ne5 14. h5 Nxh5
15. Bh6 Bxh6 16. Qxh6 Rxc3 17. bxc3 Rc8 18. Rxh5 gxh5 19. Ne2 Rc5 20. Nf4 Qd8
21. Rxd6 Qf8 22. Qg5+ Kh8 23. Rd5 Rxd5 24. Bxd5 Ng6 25. Nxh5 a5 26. Qe3 b5 27.
Qa7 Be8 28. Qxa5 e6 29. Bb3 Qc5 30. Qd8 Qxh5 31. Qxe8+ Kg7 32. Kb2 Qe5 33. Qd8
Qg3 34. Qd4+ Kg8 35. c4 bxc4 36. Bxc4 Qxg2 37. a4 Qg3 38. a5 Qb8+ 39. Qb6 Qe5+
40. Kb1 Qc3 41. a6 Ne5 42. a7 Nxc4 43. a8=Q+ Kg7 44. Qg1+ Kh6 45. Qf8+ 1-0

[Event "Superettan(Orebro-Rockaden,Sthlm II)"]
[Site "?"]
[Date "2010.01.16"]
[Round "4"]
[White "Heden, Gustav"]
[Black "Zetterberg, Staffan"]
[Result "1-0"]
[WhiteElo "2055"]
[BlackElo "2326"]
[PlyCount "69"]
[EventDate "2010.??.??"]

1. c4 Nf6 2. Nc3 c5 3. g3 d5 4. cxd5 Nxd5 5. Bg2 Nc7 6. Nf3 Nc6 7. O-O e5 8. d3
Be7 9. Nd2 Bd7 10. Nc4 O-O 11. Bxc6 Bxc6 12. Nxe5 Be8 13. Nf3 Ne6 14. Be3 Bf6
15. Ne4 Bxb2 16. Rb1 Bd4 17. Bxd4 Nxd4 18. Nxd4 Qxd4 19. Rxb7 Bc6 20. Rc7 Rfc8
21. Rxc8+ Rxc8 22. e3 Qd5 23. Nf6+ gxf6 24. Qg4+ Kf8 25. Qxc8+ Kg7 26. e4 Qd6
27. Rc1 Bd7 28. Qxc5 Qxd3 29. Qd5 Qa3 30. Rc7 Be8 31. Rc8 Ba4 32. Qa8 Qxa2 33.
Rg8+ Kh6 34. Qf8+ Kh5 35. g4+ 1-0

[Event "Superettan(Orebro-Rockaden,Sthlm II)"]
[Site "?"]
[Date "2010.01.16"]
[Round "4"]
[White "Blomstrom, Lars"]
[Black "Berggren, Patrik"]
[Result "1-0"]
[WhiteElo "2147"]
[BlackElo "2006"]
[PlyCount "75"]
[EventDate "2010.??.??"]

1. e4 c5 2. Nf3 d6 3. d4 cxd4 4. Nxd4 Nf6 5. Nc3 g6 6. Be2 Bg7 7. O-O O-O 8.
Bg5 Nbd7 9. Qd2 Re8 10. Rad1 a6 11. a4 Nc5 12. f3 Bd7 13. Kh1 Qa5 14. Nb3 Nxb3
15. cxb3 Rac8 16. Bc4 Be6 17. Bxe6 fxe6 18. f4 Rc6 19. Qe2 Qb4 20. f5 exf5 21.
exf5 Qxb3 22. fxg6 hxg6 23. Bxf6 Bxf6 24. Rxf6 exf6 25. Qxe8+ Kg7 26. Qe7+ Kh6
27. Qe2 b5 28. axb5 axb5 29. h3 b4 30. Nd5 Rc2 31. Rd2 Rc1+ 32. Kh2 f5 33. Qf2
Rc4 34. Nf4 Kg5 35. Ne6+ Kh5 36. Nf4+ Kg5 37. Ne6+ Kh5 38. Rxd6 1-0

[Event "Superettan(Orebro-Rockaden,Sthlm II)"]
[Site "?"]
[Date "2010.01.16"]
[Round "4"]
[White "Norlin, Egor"]
[Black "Larsson, Patrik"]
[Result "0-1"]
[WhiteElo "1911"]
[BlackElo "2040"]
[PlyCount "100"]
[EventDate "2010.??.??"]

1. d4 Nf6 2. c4 c5 3. d5 e5 4. Nc3 d6 5. e4 Be7 6. Nf3 Nbd7 7. g3 O-O 8. Bg2 b5
9. cxb5 a6 10. O-O axb5 11. Re1 b4 12. Nb1 Ne8 13. Nbd2 Nb6 14. b3 f5 15. Nc4
Nxc4 16. bxc4 fxe4 17. Nd2 Nf6 18. Nxe4 Nxe4 19. Bxe4 Bf5 20. Bb2 Qd7 21. Qd3
g6 22. Bxf5 Qxf5 23. Qxf5 gxf5 24. f4 e4 25. a3 bxa3 26. Rxa3 Rxa3 27. Bxa3 Bf6
28. Bc1 Bc3 29. Re2 Ra8 30. Rc2 Bd4+ 31. Kf1 Kf7 32. Ke2 h5 33. Be3 Ra4 34. Bc1
Kg6 35. Kf1 Ra1 36. Kg2 h4 37. gxh4 Kh5 38. Kg3 Rb1 39. Bd2 Rb3+ 40. Kg2 Kxh4
41. Be1+ Kg4 42. Bg3 Rb1 43. h3+ Kh5 44. Bf2 Bxf2 45. Kxf2 Rb3 46. Ra2 Rxh3 47.
Ra6 Kg4 48. Rxd6 Kxf4 49. Rg6 Rc3 50. Rg1 Rc2+ 0-1

[Event "Superettan(Orebro-Rockaden,Sthlm II)"]
[Site "?"]
[Date "2010.01.16"]
[Round "4"]
[White "Jonsson, Krister"]
[Black "Bast, Billy"]
[Result "1-0"]
[WhiteElo "2024"]
[BlackElo "1831"]
[PlyCount "67"]
[EventDate "2010.??.??"]

1. d4 f5 2. g3 Nf6 3. Bg2 e6 4. Nf3 d5 5. O-O Bd6 6. c4 c6 7. b3 Qe7 8. Qc2 O-O
9. Nc3 Nbd7 10. cxd5 exd5 11. Bf4 Bxf4 12. gxf4 Ne4 13. e3 Rf6 14. Rfd1 Rh6 15.
Rac1 Nf8 16. Ne5 Qh4 17. h3 Be6 18. f3 Nxc3 19. Qxc3 Re8 20. Qe1 Qe7 21. b4 Ng6
22. Kh2 Nxe5 23. dxe5 Rc8 24. a4 b6 25. e4 fxe4 26. fxe4 dxe4 27. Rd6 c5 28.
bxc5 Rxc5 29. Rxc5 bxc5 30. Qxe4 Rh5 31. Rxe6 Qxe6 32. Qa8+ Kf7 33. Bd5 Rxh3+
34. Kg2 1-0

[Event "Superettan(Orgryte-Mark)"]
[Site "?"]
[Date "2010.01.16"]
[Round "4"]
[White "Mohammadi, Amir"]
[Black "Frisk Kockum, Anton"]
[Result "0-1"]
[WhiteElo "2331"]
[BlackElo "2325"]
[PlyCount "98"]
[SourceDate "2010.02.01"]

1. e4 e6 2. d4 d5 3. Nc3 Bb4 4. Nge2 Nc6 5. e5 f6 6. exf6 Nxf6 7. Bg5 O-O 8.
Qd3 e5 9. O-O-O e4 10. Qg3 Ne7 11. f3 Bd6 12. Qe1 exf3 13. gxf3 h6 14. h4 hxg5
15. hxg5 Nh7 16. Qh4 Bf5 17. f4 Bg6 18. Bg2 c6 19. Rdf1 Nf5 20. Qh3 Qe7 21. Kb1
Ne3 22. Rf3 Rae8 23. Rc1 b5 24. a3 a5 25. Rxe3 Qxe3 26. Qd7 Bxf4 27. Qxc6 Be4
28. Bxe4 dxe4 29. Qd5+ Kh8 30. Nxf4 Qxf4 31. g6 Qf5 32. Qxf5 Rxf5 33. gxh7 e3
34. Ne2 Rf2 35. Re1 b4 36. axb4 axb4 37. Ka2 Ref8 38. Kb3 Rf1 39. Rxf1 Rxf1 40.
c4 Rf2 41. Nc1 e2 42. Nxe2 Rxe2 43. c5 Kxh7 44. c6 Kg8 45. d5 Kf7 46. c7 Re8
47. Kxb4 Ke7 48. Kc5 Kd7 49. d6 g5 0-1

[Event "Superettan(Orgryte-Mark)"]
[Site "?"]
[Date "2010.01.16"]
[Round "4"]
[White "Hultin, Johan"]
[Black "Abdollahzadeh, Arash"]
[Result "1-0"]
[WhiteElo "2351"]
[BlackElo "2312"]
[PlyCount "87"]

1. d4 f5 2. Nc3 Nf6 3. Bg5 d5 4. Bxf6 exf6 5. e3 Be6 6. Qf3 Nc6 7. Bb5 Qd7 8.
Nge2 a6 9. Ba4 b5 10. Bb3 Ne7 11. Nf4 c6 12. Nxe6 Qxe6 13. O-O a5 14. a4 b4 15.
Ne2 Ng6 16. Rac1 Bd6 17. c4 bxc3 18. bxc3 Rb8 19. Ba2 Rb2 20. Bb1 Nh4 21. Qh5+
g6 22. Qxh4 Rxe2 23. Qh6 Bf8 24. Qh3 Bd6 25. c4 O-O 26. cxd5 cxd5 27. Qf3 Rb2
28. Bd3 Kh8 29. g3 Rfb8 30. Rc6 h5 31. Rfc1 R2b3 32. Bb5 Rd8 33. Ra6 h4 34. Kg2
h3+ 35. Kg1 Qe7 36. Rxa5 Bb4 37. Ra6 Bd2 38. Rd1 Rb2 39. Bf1 g5 40. Qxf5 Bxe3
41. fxe3 Qxe3+ 42. Kh1 Rf2 43. Qxh3+ Kg8 44. Qe6+ 1-0

[Event "Superettan(Orgryte-Mark)"]
[Site "?"]
[Date "2010.01.16"]
[Round "4"]
[White "Svensson, Leif"]
[Black "Ziegler, Ari"]
[Result "0-1"]
[WhiteElo "2236"]
[BlackElo "2414"]
[PlyCount "42"]

1. d4 Nf6 2. Nc3 d5 3. Bg5 e6 4. e4 Be7 5. e5 Nfd7 6. h4 O-O 7. Bd3 c5 8. Qh5
g6 9. Qh6 Nc6 10. f4 Nxd4 11. h5 Nf5 12. Bxf5 gxf5 13. Nf3 f6 14. exf6 Nxf6 15.
Ne5 d4 16. O-O-O a5 17. Rh3 Ng4 18. Nxg4 fxg4 19. Rg3 e5 20. Ne4 exf4 21. Bxf4
Ra6 0-1

[Event "Superettan(Orgryte-Mark)"]
[Site "?"]
[Date "2010.01.16"]
[Round "4"]
[White "Arnelind, Mikael"]
[Black "Svensson, Sven"]
[Result "1/2-1/2"]
[WhiteElo "2219"]
[BlackElo "2296"]
[PlyCount "114"]

1. d4 Nf6 2. c4 e6 3. Nc3 Bb4 4. e3 O-O 5. Nf3 d5 6. Bd3 c5 7. O-O Nc6 8. a3
Bxc3 9. bxc3 dxc4 10. Bxc4 Qc7 11. Qc2 e5 12. Bd3 Re8 13. dxe5 Nxe5 14. Nxe5
Qxe5 15. f3 Bd7 16. e4 c4 17. Be2 Qc5+ 18. Kh1 b5 19. Bd2 Bc6 20. Qc1 Nd7 21.
Ra2 f5 22. Be3 Qe7 23. Bg5 Qe6 24. exf5 Qxf5 25. Qf4 Qxf4 26. Bxf4 Nc5 27. Kg1
Rad8 28. Kf2 Nd3+ 29. Bxd3 Rxd3 30. Rc1 Kf7 31. Re2 Rxe2+ 32. Kxe2 a6 33. Be5
Bd7 34. Bd4 g5 35. h3 h5 36. Rf1 Bf5 37. Rf2 Kg6 38. g4 Bc8 39. Rg2 hxg4 40.
hxg4 Bb7 41. Rf2 a5 42. Be5 b4 43. cxb4 Rxa3 44. b5 Rb3 45. f4 gxf4 46. Rxf4
Rxb5 47. Bc3 Rd5 48. Rf6+ Kg5 49. Rf5+ Rxf5 50. gxf5 a4 51. f6 Bd5 52. Bb2 Kf4
53. Kd2 Ke4 54. Kc3 Bf7 55. Kb4 Kd3 56. Kxa4 c3 57. Bxc3 Kxc3 1/2-1/2

[Event "Superettan(Orgryte-Mark)"]
[Site "?"]
[Date "2010.01.16"]
[Round "4"]
[White "Sixtensson, Mikael"]
[Black "Virolainen, Victor"]
[Result "1-0"]
[WhiteElo "2271"]
[BlackElo "2197"]
[PlyCount "63"]

1. Nf3 e6 2. c4 f5 3. e3 Nf6 4. Nc3 c6 5. Be2 d6 6. d4 Qc7 7. O-O Be7 8. b3 e5
9. Bb2 O-O 10. Rc1 Ng4 11. h3 Nh6 12. c5 e4 13. cxd6 Bxd6 14. Ng5 Qe7 15. Bc4+
Kh8 16. Qh5 b5 17. Be2 Nd7 18. f4 Nf6 19. Qh4 Bd7 20. Rfd1 Nd5 21. Nxd5 cxd5
22. Rc5 Bxc5 23. dxc5 Kg8 24. Rxd5 Rad8 25. Re5 Qf6 26. Bd4 Qc6 27. Re7 Rf6 28.
Nxh7 Rf7 29. Bh5 g6 30. Be2 Rc8 31. Nf6+ Kf8 32. Nxd7+ 1-0

[Event "Superettan(Orgryte-Mark)"]
[Site "?"]
[Date "2010.01.16"]
[Round "4"]
[White "Tibell, Ingemar"]
[Black "Voigt, Lennart"]
[Result "1/2-1/2"]
[WhiteElo "2071"]
[BlackElo "2140"]
[PlyCount "44"]

1. e4 e6 2. d4 d5 3. Nc3 Bb4 4. e5 Qd7 5. Bd2 b6 6. a3 Bxc3 7. Bxc3 Ba6 8. Bxa6
Nxa6 9. Qe2 Nb8 10. f4 h5 11. Nf3 Nc6 12. Nh4 O-O-O 13. h3 Nh6 14. O-O-O Qe7
15. Be1 Nf5 16. Nxf5 exf5 17. Bf2 h4 18. Be3 Kb7 19. Qf3 Qe6 20. Kb1 Ne7 21.
Rc1 c6 22. Rhd1 Rh6 1/2-1/2

[Event "Superettan(Orgryte-Mark)"]
[Site "?"]
[Date "2010.01.16"]
[Round "4"]
[White "Olofsson, Hans-Erik"]
[Black "Eksmyr, Johan"]
[Result "1/2-1/2"]
[WhiteElo "2151"]
[BlackElo "2141"]
[PlyCount "76"]

1. e4 c6 2. d4 d5 3. exd5 cxd5 4. c4 Nf6 5. Nc3 g6 6. Qb3 Bg7 7. cxd5 O-O 8.
Be2 b6 9. Bf3 Bb7 10. Nge2 Na6 11. h4 Qd6 12. a3 Nc7 13. Bf4 Qd7 14. Bxc7 Qxc7
15. h5 Rfd8 16. hxg6 hxg6 17. Rc1 Qd7 18. O-O Nxd5 19. Nxd5 Bxd5 20. Bxd5 Qxd5
21. Qxd5 Rxd5 22. Rc7 e5 23. dxe5 Rd2 24. Nc3 Bxe5 25. Re7 Bd4 26. Ne4 Rxb2 27.
Rc1 Rb5 28. Rcc7 Re5 29. Nf6+ Kh8 30. Rxf7 Re1+ 31. Kh2 Bxf6 32. Rxf6 Ra1 33.
Rxg6 Rxa3 34. f4 Rf8 35. Rh6+ Kg8 36. Rg6+ Kh8 37. Rh6+ Kg8 38. Rg6+ Kh8
1/2-1/2

[Event "Superettan(Orgryte-Mark)"]
[Site "?"]
[Date "2010.01.16"]
[Round "4"]
[White "Nilsson, Eskil"]
[Black "Oscarsson, Bo-Lennart"]
[Result "0-1"]
[WhiteElo "1992"]
[BlackElo "2177"]
[PlyCount "48"]
[EventDate "2010.??.??"]

1. e4 c5 2. Nc3 e6 3. g3 d5 4. d3 Nf6 5. Bg2 dxe4 6. Nxe4 Be7 7. Ne2 Nxe4 8.
Bxe4 Qc7 9. O-O Bd7 10. Nc3 Bc6 11. Bf4 Bd6 12. Bxd6 Qxd6 13. Qf3 O-O 14. Rad1
f5 15. Bxc6 Nxc6 16. Nb5 Qd7 17. Na3 Nd4 18. Qe3 f4 19. gxf4 Rxf4 20. f3 Raf8
21. Kg2 Qd5 22. Rde1 Rg4+ 23. Kh1 Rxf3 24. Rxf3 Nxf3 0-1

[Event "Superettan(SodraSASS-Solna)"]
[Site "?"]
[Date "2010.02.06"]
[Round "5"]
[White "Lindberg, Bengt"]
[Black "Furhoff, Johan"]
[Result "1/2-1/2"]
[WhiteElo "2448"]
[BlackElo "2410"]
[PlyCount "64"]

1. e4 Nc6 2. Nf3 Nf6 3. e5 Nd5 4. d4 d6 5. Bb5 a6 6. Bxc6+ bxc6 7. c4 Nb6 8.
Qe2 g6 9. O-O Bg7 10. Nc3 O-O 11. h3 Nd7 12. Bf4 Rb8 13. Rad1 h6 14. Rfe1 g5
15. Bc1 f5 16. Qc2 dxe5 17. Nxe5 Nxe5 18. dxe5 Qe8 19. Na4 f4 20. e6 Qh5 21. f3
c5 22. Nxc5 Rb6 23. Nd7 Bxd7 24. exd7 Rd6 25. c5 Rxd1 26. Qxd1 Rd8 27. Rxe7 Kf8
28. Rxg7 Kxg7 29. b4 Qg6 30. Bb2+ Kf8 31. a4 Qe6 32. Qd4 Qe1+ 1/2-1/2

[Event "Superettan(SodraSASS-Solna)"]
[Site "?"]
[Date "2010.02.06"]
[Round "5"]
[White "Winge, Stefan"]
[Black "Bergstrom, Christer"]
[Result "1-0"]
[WhiteElo "2317"]
[BlackElo "2372"]
[PlyCount "55"]

1. e4 c5 2. Nf3 Nc6 3. d4 cxd4 4. Nxd4 e6 5. Nc3 a6 6. Be3 Qc7 7. Qd2 Nf6 8. f3
b5 9. g4 Bb7 10. g5 Nxd4 11. Bxd4 Nh5 12. O-O-O Rc8 13. Be5 Qc6 14. a3 h6 15.
h4 d6 16. Bd4 Ng3 17. Rg1 Nxf1 18. Rdxf1 h5 19. f4 a5 20. g6 b4 21. gxf7+ Kd8
22. f5 bxc3 23. Bxc3 exf5 24. Rxf5 Qxe4 25. Rf4 Qe6 26. Re1 Qa2 27. Bxa5+ Kd7
28. Qe3 1-0

[Event "Superettan(SodraSASS-Solna)"]
[Site "?"]
[Date "2010.02.06"]
[Round "5"]
[White "Jonsson, Mikael"]
[Black "Sjoberg, Mats"]
[Result "1-0"]
[WhiteElo "2317"]
[BlackElo "2356"]
[PlyCount "72"]

1. d4 Nf6 2. c4 e6 3. Nc3 Bb4 4. Qc2 c5 5. dxc5 Bxc5 6. Bf4 e5 7. Bg3 Nc6 8. e3
Qa5 9. Nf3 Bb4 10. Rc1 d6 11. a3 Bxc3+ 12. Qxc3 Qxc3+ 13. Rxc3 Ne4 14. Rc1 a5
15. b3 Bf5 16. Be2 h5 17. h3 Nxg3 18. fxg3 Ke7 19. O-O Be6 20. Ng5 g6 21. Bf3
f6 22. Ne4 f5 23. Nc3 e4 24. Be2 Ne5 25. Rfd1 Rhc8 26. Rd4 Ra6 27. Rcd1 Rb6 28.
Nb5 Nf7 29. b4 axb4 30. axb4 Bd7 31. Nc3 Be6 32. b5 Ra8 33. Kf2 Ra3 34. Na4
Rxa4 35. c5 Rxd4 36. exd4 e3+ 1-0

[Event "Superettan(SodraSASS-Solna)"]
[Site "?"]
[Date "2010.02.06"]
[Round "5"]
[White "Adler, Bo"]
[Black "Callergard, Robert"]
[Result "1/2-1/2"]
[WhiteElo "2246"]
[BlackElo "2285"]
[PlyCount "82"]

1. d4 Nf6 2. c4 e6 3. Nc3 Bb4 4. a3 Bxc3+ 5. bxc3 c5 6. e3 d6 7. Bd3 Nc6 8. Ne2
e5 9. O-O b6 10. Ng3 Qe7 11. d5 Na5 12. e4 Bd7 13. f4 h6 14. Ra2 O-O-O 15. h3
Ne8 16. Raf2 f6 17. f5 Kb8 18. Ra2 Bc8 19. a4 Qf7 20. Rf3 Ba6 21. Nf1 Rd7 22.
Ne3 h5 23. Rg3 Ka8 24. Rg6 Nc7 25. Bd2 Rdd8 26. Be1 Rh7 27. Be2 Rdh8 28. Bh4
Rh6 29. Rxh6 Rxh6 30. Qf1 Bc8 31. Kh1 Bd7 32. Bd1 Qe8 33. Be1 Na6 34. Bd2 Rh8
35. Kh2 Nb8 36. Be1 Bc8 37. h4 Bd7 38. Qf3 Bc8 39. g4 hxg4 40. Qxg4 g5 41. Rg2
Ba6 1/2-1/2

[Event "Superettan(SodraSASS-Solna)"]
[Site "?"]
[Date "2010.02.06"]
[Round "5"]
[White "Johansson, Gunnar"]
[Black "Holmqvist, Gunnar"]
[Result "1/2-1/2"]
[WhiteElo "2284"]
[BlackElo "2244"]
[PlyCount "132"]

1. d4 Nf6 2. c4 e6 3. Nc3 d5 4. Nf3 Be7 5. Bf4 Ne4 6. e3 Nxc3 7. bxc3 c5 8. Bd3
dxc4 9. Bxc4 O-O 10. O-O Nc6 11. Qc2 cxd4 12. cxd4 Bd6 13. Ng5 g6 14. Qe4 Bxf4
15. Qxf4 Qe7 16. Rac1 Kg7 17. Bb3 h6 18. Nf3 Qf6 19. Qc7 Qd8 20. Qf4 Qf6 21.
Qc7 Qd8 22. Qg3 Bd7 23. h4 Qb8 24. Qg4 h5 25. Qg5 Qd8 26. Qf4 Qb8 27. Qe4 Qd6
28. Rfd1 Rfc8 29. d5 exd5 30. Rxd5 Qe6 31. Qd3 Be8 32. Rxh5 Qf6 33. Rhc5 Rd8
34. Qe4 Bd7 35. Rd5 Bf5 36. Qf4 Be6 37. Rxd8 Rxd8 38. Qxf6+ Kxf6 39. Bxe6 Kxe6
40. Kf1 Rd3 41. Rb1 Rd7 42. Ke2 Ne5 43. Nd4+ Ke7 44. f4 Nc4 45. Rc1 Nd6 46. g4
f5 47. Kf3 fxg4+ 48. Kxg4 Kf6 49. Rc5 Re7 50. Kf3 Ne4 51. Ra5 Nd2+ 52. Kf2 Nc4
53. Rxa7 Nxe3 54. Kf3 Nc4 55. Ra4 Nd2+ 56. Kg4 Re3 57. Rb4 Ne4 58. Rb6+ Kg7 59.
Rxb7+ Kh6 60. Nf3 Nf6+ 61. Kg3 Ne4+ 62. Kg2 Re2+ 63. Kg1 Rxa2 64. Ng5 Nf6 65.
Rb6 Ng4 66. Rb7 Nf6 1/2-1/2

[Event "Superettan(SodraSASS-Solna)"]
[Site "?"]
[Date "2010.02.06"]
[Round "5"]
[White "Nordenstrom, Sven"]
[Black "Karlsson, Tomas"]
[Result "1/2-1/2"]
[WhiteElo "1961"]
[BlackElo "2270"]
[PlyCount "112"]

1. d4 e6 2. Nf3 d5 3. c4 Nf6 4. Nc3 Be7 5. e3 O-O 6. Bd3 b6 7. O-O Bb7 8. Qe2
Nbd7 9. e4 dxe4 10. Nxe4 c5 11. dxc5 Nxe4 12. Bxe4 Bxe4 13. Qxe4 Nxc5 14. Qe2
Qd3 15. Re1 Rfd8 16. Bg5 Bxg5 17. Nxg5 Qg6 18. Nf3 Nd3 19. Ne5 Nxe5 20. Qxe5 h6
21. Qe4 Qxe4 22. Rxe4 Rd2 23. b3 Rad8 24. Kf1 Rb2 25. Re2 Rdd2 26. Rxd2 Rxd2
27. a4 Rb2 28. a5 Rxb3 29. axb6 axb6 30. Ra8+ Kh7 31. Rb8 Rc3 32. Rxb6 Rxc4 33.
g3 g5 34. Rb5 Kg6 35. Re5 Kf6 36. Re3 h5 37. h3 h4 38. g4 Ke7 39. Re5 f6 40.
Ra5 Kf7 41. Kg2 Kg6 42. Ra6 Re4 43. Ra8 f5 44. Rg8+ Kf6 45. gxf5 exf5 46. Kf3
Rf4+ 47. Ke3 Rb4 48. Kf3 Rb3+ 49. Kg2 Rc3 50. Kh2 Rc4 51. Kg2 g4 52. Rh8 Kg5
53. Rg8+ Kf4 54. hxg4 fxg4 55. Rf8+ Ke5 56. Rh8 g3 1/2-1/2

[Event "Superettan(SodraSASS-Solna)"]
[Site "?"]
[Date "2010.02.06"]
[Round "5"]
[White "Steneskog, Per"]
[Black "Johansson, Per"]
[Result "1-0"]
[WhiteElo "2219"]
[BlackElo "2060"]
[PlyCount "79"]

1. d4 d5 2. c4 c6 3. Nc3 Nf6 4. Nf3 dxc4 5. a4 Bf5 6. Ne5 Nbd7 7. Nxc4 Qc7 8.
g3 e5 9. dxe5 Nxe5 10. Bf4 Rd8 11. Qc1 Bd6 12. Nxd6+ Qxd6 13. Bg2 O-O 14. O-O
Qe7 15. Qe3 Ng6 16. Qxe7 Nxe7 17. a5 a6 18. Bg5 h6 19. Bxf6 gxf6 20. Ra4 Rd2
21. Rb4 Bc8 22. e3 Nd5 23. Nxd5 cxd5 24. Rc1 Re8 25. Bf3 Bd7 26. Rxb7 Bb5 27.
Bh5 Rf8 28. Rcc7 d4 29. exd4 Rxd4 30. h4 Bc4 31. Rb4 Rd5 32. Bf3 Ba2 33. Bxd5
Bxd5 34. Rd4 Bf3 35. Rcd7 Kg7 36. Rd8 Be2 37. Rxf8 Kxf8 38. Rd6 Ke7 39. Rb6 h5
40. f4 1-0

[Event "Superettan(SodraSASS-Solna)"]
[Site "?"]
[Date "2010.02.06"]
[Round "5"]
[White "Ovaskainen, Jorma"]
[Black "Bjarnehag, Peter"]
[Result "0-1"]
[WhiteElo "1968"]
[BlackElo "2190"]
[PlyCount "126"]

1. d4 c5 2. e3 cxd4 3. exd4 d5 4. c4 Nf6 5. Nc3 Nc6 6. Nf3 Bg4 7. Be3 e6 8. Be2
dxc4 9. Bxc4 Be7 10. O-O O-O 11. Be2 Rc8 12. h3 Bh5 13. Rc1 Qa5 14. Qa4 Rfd8
15. Qxa5 Nxa5 16. g4 Bg6 17. Ne5 Bb4 18. Bf3 Bxc3 19. bxc3 Be4 20. Be2 Nd5 21.
c4 Nxe3 22. fxe3 f6 23. Nf3 Bxf3 24. Rxf3 Rc7 25. c5 b6 26. Rff1 bxc5 27. Rxc5
Rxc5 28. dxc5 Rd2 29. Bb5 Rc2 30. Rd1 Rxc5 31. Rd8+ Kf7 32. a4 Rc7 33. Kf2 Nb3
34. h4 Nc5 35. Kf3 a6 36. Be2 Nxa4 37. Bxa6 Nb6 38. Bd3 h6 39. h5 Ke7 40. Rb8
Nd7 41. Rb3 Ra7 42. Rc3 Kd6 43. Bb5 Ne5+ 44. Kf4 Ra2 45. Kg3 Rb2 46. Bd3 Nd7
47. Bg6 Nc5 48. Rc2 Rxc2 49. Bxc2 Ke5 50. Kf3 f5 51. gxf5 exf5 52. Bb1 Kf6 53.
Ba2 Kg5 54. Bb1 Nd7 55. Kg3 Nf6 56. Bc2 Nxh5+ 57. Kf3 Nf6 58. Bb1 h5 59. Kg3
h4+ 60. Kh3 Ng4 61. Bxf5 Kxf5 62. e4+ Kxe4 63. Kxh4 Kf5 0-1

[Event "Superettan(En Passant-Rodeby)"]
[Site "?"]
[Date "2010.02.06"]
[Round "5"]
[White "Greiff, Hakan"]
[Black "Johansson, Roland"]
[Result "1-0"]
[WhiteElo "2304"]
[BlackElo "1956"]
[PlyCount "83"]

1. e4 c5 2. Nf3 Nc6 3. Nc3 g6 4. Bb5 Bg7 5. O-O d6 6. Re1 Bd7 7. a4 e6 8. Bxc6
Bxc6 9. d4 cxd4 10. Nxd4 Ne7 11. Ndb5 Bxb5 12. Nxb5 d5 13. Bg5 a6 14. exd5 axb5
15. d6 f6 16. Rxe6 O-O 17. dxe7 Qxd1+ 18. Rxd1 Rfe8 19. Bxf6 Kf7 20. Rdd6 Rxa4
21. g3 Ra2 22. Bxg7 Kxg7 23. Rb6 Rxb2 24. Rxb7 Rb4 25. f4 h5 26. Kf2 Rc4 27.
Ke1 Rd4 28. Re5 b4 29. Ke2 Rc4 30. Kd3 Rc3+ 31. Kd2 Rc4 32. Re2 Rd4+ 33. Kc1
Kf6 34. h4 Rc4 35. Re3 Kf5 36. Rd7 Re4 37. Rd5+ Ke6 38. Re5+ Rxe5 39. Rxe5+ Kf6
40. Kb2 Rxe7 41. Rxe7 Kxe7 42. Kb3 1-0

[Event "Superettan(En Passant-Rodeby)"]
[Site "?"]
[Date "2010.02.06"]
[Round "5"]
[White "Akervall, Nils"]
[Black "Svensson, Anders"]
[Result "0-1"]
[WhiteElo "1948"]
[BlackElo "2337"]
[PlyCount "125"]

1. e4 c5 2. Nc3 Nc6 3. g3 g6 4. Bg2 Bg7 5. d3 d6 6. Be3 e5 7. f4 Nge7 8. Nf3
Nd4 9. h3 O-O 10. Qd2 h6 11. O-O exf4 12. Bxf4 g5 13. Be3 Be6 14. Rab1 d5 15.
exd5 Nxd5 16. Nxd5 Bxd5 17. c3 Ne6 18. b4 cxb4 19. Rxb4 Qc7 20. c4 Bc6 21. d4
a5 22. Rbb1 Bxf3 23. Bxf3 Qxg3+ 24. Qg2 Qxg2+ 25. Bxg2 Bxd4 26. Bxd4 Nxd4 27.
Bxb7 Rae8 28. c5 Re5 29. c6 Rc5 30. Rf6 Re8 31. Rd1 Kg7 32. Rd6 Ne2+ 33. Kf1
Ng3+ 34. Kg1 Re2 35. R6d2 Re6 36. Rd5 Rc2 37. R5d2 Rc4 38. Rd7 Ne2+ 39. Kh2
Rcxc6 40. Bxc6 Rxc6 41. R1d6 Rc3 42. Rd3 Rc4 43. Rf3 Nf4 44. Ra3 Kg6 45. Rxa5
Rc2+ 46. Kg3 Rc3+ 47. Kf2 Nxh3+ 48. Kf1 g4 49. Rd6+ f6 50. a4 Rc2 51. Ra8 Kf5
52. Ra5+ Ke4 53. Rxf6 g3 54. Re6+ Kf3 55. Rf6+ Nf4 56. Rxf4+ Kxf4 57. Rh5 Rc6
58. Kg2 Kg4 59. Rb5 Rc2+ 60. Kg1 h5 61. Rb8 Kh3 62. Rb1 Rg2+ 63. Kh1 0-1

[Event "Superettan(En Passant-Rodeby)"]
[Site "?"]
[Date "2010.02.06"]
[Round "5"]
[White "Wahlbom, Magnus"]
[Black "Unmack, Christian"]
[Result "1/2-1/2"]
[WhiteElo "2258"]
[BlackElo "2212"]
[PlyCount "84"]

1. d4 d5 2. c4 e6 3. Nc3 Nf6 4. cxd5 exd5 5. Bg5 Be7 6. Qc2 Nbd7 7. e3 O-O 8.
Bd3 Re8 9. Rd1 c6 10. Nge2 Nf8 11. O-O Be6 12. f3 Ng6 13. Ng3 Qc7 14. e4 dxe4
15. fxe4 Ng4 16. Bc1 Bh4 17. Nce2 Qb6 18. Bc4 Rad8 19. Nf5 c5 20. d5 Bxf5 21.
Rxf5 N6e5 22. h3 Nh6 23. Rff1 a6 24. a3 Qa7 25. Be3 f5 26. Ba2 fxe4 27. Qxe4
Ng6 28. Qf3 b6 29. Nf4 Rd6 30. Nxg6 hxg6 31. Bxh6 gxh6 32. Qf4 Qe7 33. b4 Qe3+
34. Qxe3 Rxe3 35. bxc5 bxc5 36. Rf3 Bg5 37. Kf2 Rxf3+ 38. Kxf3 Bf6 39. Re1 Kf7
40. Re6 Rxe6 41. dxe6+ Ke7 42. Ke4 Kd6 1/2-1/2